Normal view
MARC view
- Rózsa, Pal
Entry Corporate Name
001 - CONTROL NUMBER
- control field: 125517
003 - CONTROL NUMBER IDENTIFIER
- control field: NUST
005 - DATE AND TIME OF LATEST TRANSACTION
- control field: 20240829135029.0
008 - FIXED-LENGTH DATA ELEMENTS
- fixed length control field: 240829|| aca||aabn | a|a d
040 ## - CATALOGING SOURCE
- Original cataloging agency: NUST
- Transcribing agency: NUST
110 ## - HEADING--CORPORATE NAME
- Corporate name or jurisdiction name as entry element: Rózsa, Pal
670 ## - SOURCE DATA FOUND
- Source citation: Work cat.: (NUST): Szirtes, Thomas 125516, Applied Dimensional Analysis and Modeling, 2007.
